| 000 | 00366nam a22001457a 4500 | ||
|---|---|---|---|
| 999 |
_c8026 _d8026 |
||
| 003 | OSt | ||
| 005 | 20200619123749.0 | ||
| 008 | 200619b ||||| |||| 00| 0 eng d | ||
| 020 | _a9789881545275 | ||
| 082 |
_a728.5 _bYAN |
||
| 100 | _aYan, Orange | ||
| 245 | _aOld Hotel New Face | ||
| 260 |
_aHong Kong _bDesign Media Publishing Ltd; _cNovember 15, 2010 |
||
| 942 | _2ddc | ||